Οι τύραννοι στην Αρχαία Ελλάδα

Αποθηκεύτηκε σε:
Λεπτομέρειες βιβλιογραφικής εγγραφής
Κύριος συγγραφέας: Mossé, Claude, 1924-
Άλλοι συγγραφείς: Καλογεροπούλου, Αθηνά Γ. (Μεταφραστής)
Μορφή: Βιβλίο
Γλώσσα:Greek
Δημοσίευση: Αθήνα : Το Aστυ, 1989
Θέματα:
Ετικέτες: Προσθήκη ετικέτας
Δεν υπάρχουν, Καταχωρήστε ετικέτα πρώτοι!

MARC

LEADER 00000nam a2200000 i 4500
001 1/97427
008 950216s1989 gre d
020 |a 960-85005-0-8 
035 |l 10010551 
040 |a GR-MY-UA  |b gre  |e aacr 
041 0 |a gre 
082 0 |a 938.106 
100 1 |a Mossé, Claude,   |d 1924- . 
245 1 3 |a Οι τύραννοι στην Αρχαία Ελλάδα /  |c Κλωντ Μοσσέ ; Απόδοση Αθηνά Καλογεροπούλου 
260 |a Αθήνα :   |b Το Aστυ,   |c 1989 
300 |a 226 σ. 
651 0 |a Greece  |x History  |y Age of Tyrants, 7th-6th centuries, B.C. 
700 1 |a Καλογεροπούλου, Αθηνά Γ.  |4 trl 
852 |a INST  |b LESVOS  |e 19950216  |h 938.106 MOS  |p 005100002921  |q 005100002921  |t BK  |y 0 
909 |a Λ  |b 019493